[Event "FRA-ch op-D"]
[Site "Nancy"]
[Date "2013.08.15"]
[Round "4"]
[White "Dupont, Jonathan"]
[Black "Benezra, David"]
[Result "1/2-1/2"]
[WhiteElo "1499"]
[BlackElo "1440"]
[PlyCount "82"]
[EventDate "2013.08.11"]
[EventType "swiss"]
[EventRounds "11"]
[EventCountry "FRA"]
[SourceTitle "CBM 156 Extra"]
[Source "ChessBase"]
[SourceDate "2013.10.22"]
[SourceVersion "1"]
[SourceVersionDate "2013.10.22"]
[SourceQuality "1"]

1. e4 c5 2. Nf3 e6 3. c3 Nc6 4. d4 d5 5. e5 cxd4 6. cxd4 Nge7 7. Bd3 Qb6 8. 0-0 Bd7 9. Be3 Qxb2 10. Nbd2 Qc3 11. Qb3 Qxb3 12. Nxb3 b6 13. a4 Nb4 14. Be2 Nc2 15. Ra2 Nxe3 16. fxe3 a5 17. Bb5 Bxb5 18. axb5 g6 19. g4 h5 20. Ng5 hxg4 21. Nxf7 Bh6 22. Nxh8 Bxe3+ 23. Kh1 Kd7 24. Nxg6 Nxg6 25. Re2 Bf4 26. Rg1 g3 27. hxg3 Rh8+ 28. Rh2 Rxh2+ 29. Kxh2 Be3 30. Rd1 Ne7 31. Rd3 Bg5 32. Kg2 Nf5 33. Kf3 Ke7 34. Rc3 a4 35. Na1 Nxd4+ 36. Kg4 Bd2 37. Rc7+ Kf8 38. Kh5 Nxb5 39. Rc6 Be1 40. Rxe6 Bxg3 41. Rxb6 Bxe5 1/2-1/2